00679cam9a220018100 4500001001200000005001700012008004100029035001900070035002200089035002200111040000900133100014800142245012100290250002700411260003300438500002000471004000600491qce0189543420190813175527.0801028s1909 nyuaf 000 0 eng d a(Sirsi) r67843 a(QCAT)lss02908846 a(UPRA)qce01895434 dUPRA1 aHolt, L. Emmett (Luther Emmett), 1855-1924.qHolt, L. Emmett (Luther Emmett), 1855-1924.dHolt, L. Emmett (Luther Emmett), 1855-1924.6A28713.114aThe diseases of infancy and childhood :bfor the use of students and practitioners of medicine /cby L. Emmett Holt. a5th ed., rev. and enl. aNew York :bAppleton,c1909. aIncludes index.67843